000 00805nam a22002417a 4500
005 20170124110022.0
010 _aA-991910
020 _c00.00
_a8176291064
035 _aA-991910
037 _bCen Lib/Ret
040 _aDPL
_bEN
082 _a338.04
_bENT
245 _aEntrepreneurship and small scale industries :
_cedited by G.S. Batra [and] R.C. Dangwal
_bnew potenial /
260 _aNew Delhi
_bDeep & Deep Publcations
_c2000
270 _aF-159, rajouri garden
_bNew Delhi
_e110027
300 _axii, 204p.
_c21cm(Hb)
500 _aincludes bibliographical references and index
650 _aEconomic development
_91481
650 _aSmall scale industries
_919901
700 _aBatra, G.S.
_97837
700 _aDangwal, R.C.
_98143
942 _2ddc
_cEN
_h338.04
_mENT
999 _c127248
_d127248